000 00433pab a2200157 454500
008 180718b2011 xxu||||| |||| 00| 0 eng d
100 _aRoul, Kamalakanta
245 _aInterrogating state and civil society on Malkangiri abduction: A debate on the Praja court perspective of development
260 _c2011
300 _ap.21-31.
362 _a24 Sep
650 _aCrime
773 _aMainstream
908 _aN
909 _a93192
999 _c93192
_d93192